000 02477nam a22006377a 4500
001 8609715
003 LIBRIS
005 20210426101000.0
008 020913s2003 xxu 001 0 eng c
010 _a 2002011347
020 _a0151005575
035 _a(DLC) 2002011347
040 _aDLC
_cDLC
_dC
_beng
041 _aeng
080 _a15
_bD-17
082 0 0 _a152.4
_221
084 _aDodf
_2kssb/7
100 1 _aDamasio, Antonio R.
_0228541
245 1 0 _aLooking for Spinoza :
_bjoy, sorrow, and the human brain /
_cAntonio Damasio
250 _a1st edition
260 _aOrlando :
_bHarcourt,
_ccop. 2003
300 _a355 s. :
_bill.
365 _b28 usd
600 1 4 _aSpinoza, Benedictus de,
_d1632-1677.
_093498
650 0 _aEmotions
650 0 _aPsychology
_9134
650 2 _aEmotions
_xphysiology
650 2 _aNeuropsychology
650 7 _aNeuropsykologi
_2sao
_0155126
650 0 _aNeuropsychology
653 _aფსიქოლოგია
653 _aნეიროფსიქოლოგია
900 1 s _6600
_d1632-1677
_uSpinoza, Benedictus de,
_d1632-1677
900 1 s _6600
_d1632-1677
_uSpinoza, Benedictus de,
_d1632-1677
900 1 s _6600
_d1632-1677
_uSpinoza, Benedictus de,
_d1632-1677
900 1 s _6600
_d1632-1677
_uSpinoza, Benedictus de,
_d1632-1677
900 1 s _6600
_d1632-1677
_uSpinoza, Benedictus de,
_d1632-1677
900 1 s _6600
_d1632-1677
_uSpinoza, Benedictus de,
_d1632-1677
900 1 s _6600
_d1632-1677
_uSpinoza, Benedictus de,
_d1632-1677
900 1 s _6600
_d1632-1677
_uSpinoza, Benedictus de,
_d1632-1677
900 1 s _6600
_d1632-1677
_uSpinoza, Benedictus de,
_d1632-1677
942 _2udc
_cBK
_e1
999 _c892
_d892